Crítica del testimonio: ensayos sobre las relaciones entre memoria y relato

Na minha lista:
Detalhes bibliográficos
Autor principal: Vallina, Cecilia (Author)
Formato: Livro
Idioma:espanhol
Publicado em: Rosario Beatriz Viterbo 2008
Edição:1a. ed
Colecção:Tesis-Ensayo
Assuntos:
Tags: Adicionar Tag
Sem tags, seja o primeiro a adicionar uma tag!

MARC

LEADER 00000nam a2200000 a 4500
001 UCG6851
003 CL-VaPUC
008 110520e20080000AG |||||||||||||||||spa|d
020 |a 9789508452337 
082 0 4 |a Ar864  |b VAL  |2 21 
100 0 |a Vallina, Cecilia  |e author  |9 557297 
245 1 0 |a Crítica del testimonio: ensayos sobre las relaciones entre memoria y relato 
250 |a 1a. ed 
300 |a 222 p 
942 |c BK 
945 |d 20110520 00:00:00  |a jcampos 
260 |a Rosario  |b Beatriz Viterbo  |c 2008 
650 7 |a ENSAYO HISTORICO  |2 CL-VaPUC  |9 508687 
650 0 |a Historia Argentina  |9 268065 
650 7 |a POLITICA ARGENTINA  |2 CL-VaPUC  |9 555535 
650 7 |a MEMORIA Y RELATO  |2 CL-VaPUC  |9 557298 
651 0 |a Argentina  |9 254888 
583 |a last modification  |c 20110520 00:00:00  |k Rodrigo Vera 
490 0 |a Tesis-Ensayo 
999 |c 344982  |d 344980 
952 |0 0  |1 0  |4 0  |6 AR_864_000000000000000_VAL_2008  |7 0  |8 A  |9 443351  |a BIBHIS  |b BIBHIS  |d 2019-11-22  |i 4779339  |o Ar864 VAL 2008  |p 4779339  |r 2025-01-20  |w 2019-11-22  |y BK  |k HIS